000 01179nam a2200229Ia 4500
001 8612
003 GE_BSU
008 181216s||||||||xx |||||||||||||| ||und||
040 _cGE_BSU
080 _a821.353.1.09
100 _aთათარაშვილი, ბენო
245 _aახალი სახელები, გადატეხილი საჭრეთელი, მამელუკის ავტორი
245 _bნარკვევები, ფელეტონები, ჩანახატები, მოთხრობები
245 _cრედ: მ. ვარდოსანიძე, მხატვ.: გ. იაშვილი
260 _aთბ.
260 _bსაქართველოს კპ ცკ-ის გამ-ბა
260 _c1974
300 _a558 გვ; 19 სმ.
653 _aახალი სახელები, გადატეხილი საჭრეთელი, მამელუკის ავტორი
653 _aნარკვევები, ფელეტონები, ჩანახატები, მოთხრობები
942 _cBK
999 _c41928
_d41928